| 000 | 00477nam a2200145Ia 4500 | ||
|---|---|---|---|
| 008 | 140724s9999 xx 000 0 und d | ||
| 050 |
_aTK 3001 _b.P277 2013 |
||
| 100 | _aPasadas, John Eric B. | ||
| 245 |
_aBilling system for BJ Marthel / _cJohn Eric B. Pasadas. |
||
| 260 |
_aLas PiƱas, Philippines : _bSouthville International School and Colleges, _cc2013. |
||
| 300 |
_a73 p. : _bcol. Ill. ; _c28 cm. |
||
| 521 | _aInformation Technology | ||
| 942 | _cTH | ||
| 999 |
_c229110 _d229110 |
||